| 000 | 00751cam a2200277 a 4500 | ||
|---|---|---|---|
| 999 |
_c5531 _d5531 |
||
| 001 | 5531 | ||
| 003 | BD-JhCC | ||
| 005 | 20180303132525.0 | ||
| 008 | 000306s2000 enka d 000 0 eng d | ||
| 020 | _a0192801031 | ||
| 035 | _a(BD-JhC)5531 | ||
| 040 |
_aBDS _dBD-JhCC |
||
| 041 | _aeng | ||
| 082 | 0 |
_a530.03 _221 _bDIC 2000 |
|
| 245 | 0 | 2 |
_aA dictionary of physics / _cedited by Alan Isaacs. |
| 246 | 1 | 4 | _aOxford dictionary of physics. |
| 250 | _a4th ed. | ||
| 260 |
_aOxford : _bOxford University Press, _c2000. |
||
| 300 |
_a546 p. : _bill. ; _c20 cm. |
||
| 500 | _aPrevious ed.: 1996. | ||
| 650 | 0 |
_aPhysics _vDictionaries. |
|
| 700 | 1 |
_aIsaacs, Alan, _d1925- |
|
| 830 | 0 | _aOxford paperback reference. | |
| 942 |
_2ddc _cBK |
||